| 000 | 00622nam a2200217Ia 4500 | ||
|---|---|---|---|
| 003 | GCL | ||
| 008 | 140319s9999 xx 000 0 ara d | ||
| 040 |
_aGCL / _cGCL |
||
| 082 | 0 | 4 |
_a372.407 _bهـ ط |
| 100 | 1 | _aهشام الحسن | |
| 245 | 1 | 0 |
_aطرق تعليم الاطفال القراءة والكتابة / _cهشام الحسن |
| 260 |
_a[S.N] : _bمكتبة دار الثقافة ، _c1990 |
||
| 300 | _a144 ص | ||
| 490 | _a | ||
| 650 | 0 | 4 | _aطرق التدريس |
| 650 | 0 | 4 | _aالمناهج |
| 650 | 0 | 4 | _aالتعلم |
| 650 | 0 | 4 | _aالقراءة |
| 650 | 0 | 4 | _aتعلم وعلم |
| 942 |
_2ddc _cBK |
||
| 999 |
_c54167 _d54167 |
||